000
00318nam a2200133Ia 4500
008
231017s9999 xx 000 0 und d
082
_a
388.1BUE
082
_b
BUE
245
4
_a
The nations highway and transit investment needs through 2015
245
0
_c
ARTBA
260
_b
ARTBA
300
_c
30cm
942
_c
REP
999
_c
605232
_d
605232